| 000 | 00557nam a22001937a 4500 | ||
|---|---|---|---|
| 005 | 20260622112431.0 | ||
| 010 | _aENG-148903 | ||
| 020 |
_a9789392595677 _c750.00 |
||
| 035 | _aEN-132435 | ||
| 037 |
_bDBAD _aDPL |
||
| 082 |
_a745.5 _21 |
||
| 100 | _aChanchal Rani | ||
| 245 |
_aIndian Tribal Art Drawing/ _cChanchal Rani |
||
| 250 | _b1 | ||
| 260 |
_aIndia _bRishabh Books _c2024 |
||
| 270 |
_a22/4735 Prakash Deep Building,Ansari Raod, Darya Ganj, _bNew Delhi _e110002 |
||
| 300 |
_a143p. _c23cm.(Hb) |
||
| 942 |
_2ddc _cEN _h745.5 _mCHA |
||
| 999 |
_c216752 _d216752 |
||